Suisse : Les gares du Nyon - St-Cergue - La Cure - Statistiques

Statistiques générales
  • Ce quiz a été pris 20 fois
  • Le résultat moyen est 14 sur 16
Statistiques - réponses
Réponse % Correct
Genolier
100%
Trélex
100%
Arzier
94%
Bassins
94%
L'Asse
94%
Givrins
88%
La Givrine
88%
Le Muids
88%
Sus-Châtel
88%
Trélex dépôt
88%
Les Plantaz
82%
La Chèvrerie-Monterêt
76%
La Vuarpillière
76%
La Joy-Clinique
71%
Les Pralies
71%
Saint-Cergue - Les Cheseaux
53%
Aucun quiz correspondant
Distribution des résultats
% des personnes avec chaque résultat
Percentile par nombre de réponses
Votre historique - résultats
Vous n’avez pas pris ce quiz